000 00646nam a2200241Ia 4500
003 OSt
005 20221005033330.0
006 a|||||r|||| 00| 0
007 ta
008 221004b |||||||| |||| 00| 0 eng d
024 _a65227
037 _cTextual
040 _aCRL
_cCRL
_beng
041 _2eng
_aeng
082 _aX:326.2, M5
100 _aPanda Jagannath
245 0 _aCapital formation in India
_b A study of corporate sector
260 _aDelhi
_bB.R. Publishing India
_c1985
300 _a246p.
_ccm.
650 _aECONOMICS
942 _hX:326.2, M5
_cTEXL
_2cc
999 _c941370
_d941370